000 00372nam a22001097a 4500
082 _a344.0095491
_bPLC
245 _aPakistan Labour Cases 2018 :
_bPLC /
_cFounded by Malik Mir Muhammad and Edited by H. B. Tanvir et all
260 _aLahore :
_bPLD Publishers,
_c2018.
300 _aVol: 1. 474, Vol: 2. 708 and Vol: 3. 727 p. ;
_c23cm.
563 _aHB.
942 _2ddc
_cCR
_s1
999 _c595225
_d595225